|
|
|
|
| LEADER |
00687cam a2200169 7i4500 |
| 001 |
0000032078 |
| 005 |
20110805090000.0 |
| 020 |
|
|
|a 9780470542118 (hbk.)
|
| 090 |
0 |
0 |
|a GV742.3
|b .S233 2009
|
| 100 |
1 |
|
|a Smith, Anthony F
|
| 245 |
1 |
0 |
|a ESPN :
|b the company :
|b the company :
|b the story and lessons behind the most fanatical brand in sports
|c Anthony F. Smith ; with Keith Hollihan.
|
| 260 |
|
|
|a Hoboken, N.J.:
|b John Wiley & Sons,
|c 2009.
|
| 300 |
|
|
|a xxiv, 232 p.:
|b ill.;
|c 24 cm.
|
| 650 |
0 |
0 |
|a Television broadcasting of sports --
|x History
|
| 700 |
1 |
|
|a Hollihan, Keith
|
| 999 |
|
|
|a 0000049758
|b BOK
|c OPEN SHELF
|e 1st Floor, Shah Alam
|
| 999 |
|
|
|a 0000049759
|b BOK
|c OPEN SHELF
|e 1st Floor, Shah Alam
|